Представление документа в формате MARC21

Поле Инд. ПП Название Значение
Тип записи a
Библиографический уровень m
001 Контрольный номер 14da3e1676ab41a085fa6bf8d8b0ba31
005 Дата корректировки 20230918090344.4
040 b Код языка каталог. rus
041 0_ a Код языка текста rus
080 a Индекс УДК 004.42
084 a Индекс другой классификации/Индекс ББК 32.973.26
090 a Полочн. индекс 681.3
x Авторский знак Ш76
097 b Оператор 11
100 1_ a Автор Шнейдерман Б.
245 10 a Заглавие Психология программирования
b Продолж. заглавия человеческие факторы в вычислительных и информационных системах
c Ответственность пер. с англ. А. И. Горлина, Ю. Б. Котова ; под ред. В. В. Мартынюка
260 a Место издания М.
b Издательство Радио и связь
c Дата издания 1984
300 a Объем 304 с.
b Иллюстрации/ тип воспроизводства ил.
510 0_ a Примечание о ссылках Книги и методические пособия
650 04 a Основная рубрика 50.33 Цифровые вычислительные машины и вычислительные комплексы (ВК)
650 04 a Основная рубрика 15.81 Прикладная психология
x Основная подрубрика 15.81.70 Практическая психология
653 0_ a Ключевые слова человеческий фактор; вычислительные системы; информационные системы; программирование; цифровые вычислительные машины
901 t Тип документа m